| 000 | 005320000a22001570004500 | ||
|---|---|---|---|
| 003 | MACL | ||
| 005 | 20170805152641.0 | ||
| 008 | 170805b xxu||||| |||| 00| 0 eng d | ||
| 040 | _cmacl | ||
| 100 |
_aअली, मीर नजाबत _94764 |
||
| 245 | _aविश्व को बदल देनेवाले अाविष्कार | ||
| 260 |
_b नेशनल बुक ट्रस्ट _c1972 |
||
| 350 | _a2 | ||
| 650 |
_a चिल्ड्रन बुक _9159 |
||
| 942 |
_cHIN _k741.642 _2ddc |
||
| 999 |
_c21814 _d21814 |
||